Prosiding ... , 25 & 26 Mei 1995, Ipoh, Perak Darul Ridzuan

Bibliographic Details
Corporate Authors: SEMINAR Kebangsaan mengenai Dasar dan Akta Perhutanan Negara, Malaysia
Format: Book
Published: Kuala Lumpur : Jabatan Perhutanan Semenanjung Malaysia , 1995
Subjects:

MARC

LEADER 00000cam a2200000 7i4500
001 0000002021
005 20040127.0
090 0 0 |a JPSM333.7509595   |b SEM 1995 
110 1 0 |a SEMINAR Kebangsaan mengenai Dasar dan Akta Perhutanan Negara   |k 1995   |j Perak 
245 1 0 |a Prosiding ... , 25 & 26 Mei 1995, Ipoh, Perak Darul Ridzuan 
260 0 0 |a Kuala Lumpur :   |b Jabatan Perhutanan Semenanjung Malaysia ,   |c 1995 
300 |a iv, 106 p. :   |b ill. ;   |c 30 cm. 
650 0 0 |a Forest policy   |z Malaysia   |x Congresses 
650 0 0 |a Forests and forestry   |x Law and legislation   |z Malaysia   |x Congresses 
710 1 1 |a Malaysia ,   |c Jabatan Perhutanan Semenanjung Malaysia 
998 |a JPSM 
999 |a 0000000551   |b Monograph   |c Open Shelf   |e Default branch 
999 |a 0000000552   |b Monograph   |c Open Shelf   |e Default branch 
999 |a 0000000553   |b Monograph   |c Open Shelf   |e Default branch 
999 |a 0000000554   |b Monograph   |c Open Shelf   |e Default branch 
999 |a 0000000555   |b Monograph   |c Open Shelf   |e Default branch 
999 |a 0000004906   |b Monograph   |c Open Shelf   |e Default branch 
999 |a 0000004907   |b Monograph   |c Open Shelf   |e Default branch 
999 |a 0000005184   |b Monograph   |c Open Shelf   |e Default branch